Bảo vệ chủ quyền và quản lý - khai thác biển đảo Việt Nam (1975 - 2014) : Sách chuyên khảo

Phân tích thực trạng, phản ánh những thuận lợi và khó khăn, thời cơ, thách thức trong quá trình bảo vệ biển đảo Việt Nam. Đồng thời đề ra một số giải pháp nhằm giải quyết những tranh chấp biển đảo, đẩy mạnh phát triển kinh tế biển tro...

Cijeli opis

Spremljeno u:
Bibliografski detalji
Glavni autor: Phạm, Ngọc Trâm
Format: Knjiga
Jezik:Undetermined
Izdano: Thành phố Hồ Chí Minh Tổng hợp Thành phố Hồ Chí Minh 2016
Teme:
Oznake: Dodaj oznaku
Bez oznaka, Budi prvi tko označuje ovaj zapis!
Thư viện lưu trữ: Trung tâm Học liệu Trường Đại học Cần Thơ
LEADER 01139nam a2200229Ia 4500
001 CTU_222988
008 210402s9999 xx 000 0 und d
020 |c 75000 
082 |a 320.1509597 
082 |b Tr120 
100 |a Phạm, Ngọc Trâm 
245 0 |a Bảo vệ chủ quyền và quản lý - khai thác biển đảo Việt Nam (1975 - 2014) : 
245 0 |b Sách chuyên khảo 
245 0 |c Phạm Ngọc Trâm 
260 |a Thành phố Hồ Chí Minh 
260 |b Tổng hợp Thành phố Hồ Chí Minh 
260 |c 2016 
520 |a Phân tích thực trạng, phản ánh những thuận lợi và khó khăn, thời cơ, thách thức trong quá trình bảo vệ biển đảo Việt Nam. Đồng thời đề ra một số giải pháp nhằm giải quyết những tranh chấp biển đảo, đẩy mạnh phát triển kinh tế biển trong giai đoạn sắp tới 
650 |a Islands,Đảo 
650 |z Vietnam,Việt Nam 
904 |i Hải 
980 |a Trung tâm Học liệu Trường Đại học Cần Thơ